000 01109nam0a22003011 4500
001 v19\rc\1863213
005 20260328150236.0
035 _a(NLR Aleph) 004956331
090 _a5936366
_c5936366
100 _a20080221d1909 u y0rusy50 ca
101 0 _arus
102 _aRU
105 _ay b |||||
200 1 _aКаталог
_f37 Передвиж. выст. картин [Т-ва передвижных худож. выставок]. С. Петербург. 1909 г.
210 _a[Санкт-Петербург
_d1909]
215 _a16 с.
_d17
316 _aЭкз. РНБ (37.58.8.437) нет на месте с 2011 г.
_5NLR
710 0 2 _aТоварищество передвижных художественных выставок
_bВыставка
_cПетербург
_d37
_f1908-1909
_9801238
_3RU\NLR\AUTH\8810153050
801 0 _aRU
_bNLR
_gpsbo
801 0 _aRU
_bRuMoRGB
_2psbo
801 1 _aRU
_bProSoft-M
_2rusmarc
852 _aNLR
_j37.58.8.437
899 _aRuMoRGB
_jU 247/970
899 _aRuMoRGB
_jФ 1-79/13927
899 _aГПИБ
942 _cBOOK
980 _aNB